Estadísticas para Países por Emojis

Haz click aquí para tomar la prueba!

Estadísticas generales

  • Esta prueba ha sido tomada 452 veces
  • La puntuación promedio es 17 de 18

Estadísticas de respuestas

EmojisPaís% Correcto
Reino Unido
100%
Francia
99%
Italia
99%
Estados Unidos
97%
México
97%
Australia
96%
Alemania
95%
Japón
95%
Canadá
95%
China
94%
Grecia
93%
India
90%
Irlanda
89%
Suiza
87%
Países Bajos
86%
Chile
86%
Brasil
85%
Nueva Zelanda
79%

Distribución de puntuación

Porcentaje por número respondido

Porcentaje de gente con cada puntuación

Historial de tus puntuaciones

No has tomado esta prueba